Score 0/14 Timer 05:00
0 Plays Today
rank export % Correct
2motor vehicles
76.9%
6fuels
70.1%
14alcoholic beverages
53.4%
11meat
43.5%
10textiles
40.3%
12dairy products
37.5%
7iron and steel
35.4%
rank export % Correct
3aircraft
32.8%
9wood pulp and paper products
31.5%
5pharmaceuticals and other chemicals
28.7%
8nonferrous metals
26.3%
1machinery
21.6%
13fish
20%
4plastics
12.3%
Remove Ads.
Support Sporcle.
Get the best of Sporcle when you Go Orange. This ad-free experience offers more features, more stats, and more fun while also helping to support Sporcle. Thank you for becoming a member.

You're not logged in!

Compare scores with friends on all Sporcle quizzes.
OR
Log In

Show Comments

Extras

Top Quizzes Today


Score Distribution

Your Account Isn't Verified!

In order to create a playlist on Sporcle, you need to verify the email address you used during registration. Go to your Sporcle Settings to finish the process.

Report this User

Report this user for behavior that violates our Community Guidelines.

Details: